Kinh tế Sài Gòn Số 28-2023(1.700)

Nội dung số này trình bày Giải pháp cho sự mất kiểm soát của BANCASSURANCE , giải mã thông điệp đằng sau xu hướng thay đổi LOGO , ngành thủy sản : chờ ngày tươi sáng...

Gardado en:
Detalles Bibliográficos
Formato: Libro
Idioma:Vietnamese
Publicado: Tp. Hồ Chí Minh Saigon times group 2023
Những chủ đề:
Các nhãn: Engadir etiqueta
Sen Etiquetas, Sexa o primeiro en etiquetar este rexistro!
Thư viện lưu trữ: Thư viện Trường Đại học Nam Cần Thơ
LEADER 01476nam a22002657a 4500
001 NCT_4_001152
008 230913b xxu||||| |||| 00| 0 vie d
999 |c 7920  |d 7920 
020 |c 25000 
022 |a 0868-3344 
041 0 |a vie 
082 0 4 |2 23rd ed.  |a 330  |b Th462B 
245 0 0 |a Kinh tế Sài Gòn  |n Số 28-2023(1.700)  |c Ủy ban nhân dân Thành phố Hồ Chí Minh  
260 |a Tp. Hồ Chí Minh  |b Saigon times group  |c 2023 
300 |c 29cm 
310 |a 1 tháng 4 kỳ 
362 |a 13/7/2023 
520 3 |a Nội dung số này trình bày Giải pháp cho sự mất kiểm soát của BANCASSURANCE , giải mã thông điệp đằng sau xu hướng thay đổi LOGO , ngành thủy sản : chờ ngày tươi sáng... 
655 |a Tạp chí 
942 |2 ddc  |c CR 
952 |0 0  |1 0  |2 ddc  |4 0  |6 330_000000000000000_TH462B  |7 0  |9 28123  |a 000001  |b 000001  |d 2023-09-13  |o 330 Th462B  |r 2023-09-13  |v 25000.00  |w 2023-09-13  |y CR 
952 |0 0  |1 0  |2 ddc  |4 0  |6 330_000000000000000_TH462B  |7 0  |9 28124  |a 000001  |b 000001  |d 2023-09-13  |o 330 Th462B  |r 2023-09-13  |v 25000.00  |w 2023-09-13  |y CR 
952 |0 0  |1 0  |2 ddc  |4 0  |6 330_000000000000000_TH462B  |7 0  |9 28125  |a 000001  |b 000001  |d 2023-09-13  |o 330 Th462B  |r 2023-09-13  |v 25000.00  |w 2023-09-13  |y CR 
952 |0 0  |1 0  |2 ddc  |4 0  |6 330_000000000000000_TH462B  |7 0  |9 28126  |a 000001  |b 000001  |d 2023-09-13  |o 330 Th462B  |r 2023-09-13  |v 25000.00  |w 2023-09-13  |y CR 
980 |a Thư viện Trường Đại học Nam Cần Thơ